Countries that Don't Recognize Israel with Hints - Statistics

General Stats
  • This quiz has been taken 4,392 times
    4,337 since last reset
  • The average score is 21 of 28
Answer Stats
Association Recognition Answer % Correct
Organisation of Islamic Cooperation Withdrawn Iran
96%
Arab League Never Iraq
95%
Arab League Never Saudi Arabia
94%
Arab League Never Yemen
94%
Arab League Never Oman
93%
Arab League Never Syria
92%
Arab League Never Qatar
90%
Arab League Never Lebanon
89%
Organisation of Islamic Cooperation Never Pakistan
89%
Arab League Never Algeria
87%
Arab League Never Libya
87%
Arab League Never Kuwait
86%
Organisation of Islamic Cooperation Never Afghanistan
83%
Arab League Never Tunisia
82%
Communist Never North Korea
78%
Arab League Never Somalia
76%
Organisation of Islamic Cooperation Never Indonesia
74%
Communist Withdrawn Cuba
70%
Arab League Suspended Mauritania
69%
Organisation of Islamic Cooperation Suspended Niger
69%
Organisation of Islamic Cooperation Suspended Mali
68%
Organisation of Islamic Cooperation Never Malaysia
65%
Organisation of Islamic Cooperation Never Bangladesh
61%
Arab League Never Djibouti
61%
Organisation of Islamic Cooperation Never Brunei
56%
Organisation of Islamic Cooperation Suspended Maldives
47%
Arab League Never Comoros
43%
Other Suspended Venezuela
36%
No matching quizzes found
Score Distribution
Percent of People with Each Score
Percentile by Number Answered
Your Score History
You have not taken this quiz since the last reset